Statistiche per Riconosci la Provincia - Quiz n°97

Clicka qui per fare il quiz!

Statistiche generali

  • Questo quiz è stato fatto 2 volte
  • Il punteggio medio è 2 su 9

Statistiche sulle risposte

IndizioRisposta% Corretto
PresidenteDuilio Alongi (commissario straordinario)
100%
Prefisso / Prefissi0922, 0933, 0934
50%
Popolazione248 699 ab.
50%
Superficie2 138,37 km²
0%
Numero comuni22
0%
Coordinate
del capoluogo
37°29′20″N 14°02′45″E
0%
PIL (nominale)3 929 mln di euro
0%
Numero province confinanti5
0%
ProvinciaCaltanisetta
0%

Distribuzione punteggi

Percentile per numero di risposta

Percentuale di utenti per punteggio

I tuoi punteggi nel tempo

Non hai fatto questo quiz